01635 a2200229 45000010006000000050017000060080041000230030015000640400040000790800035001192450049001540200018002032640029002213000019002505051018002690410008012871000033012957000021013287000017013497000022013667000017013885407120260407155811.0260407a1973 arg spa dAR-UNSa-BCEJYS aAR-UNSa-BCEJYSbspacAR-UNSa-BCEJYS a330.4xEconomía matemática10aEl uso de las matemáticas en la economía a84-335-3331-2 1aBarcelona :bLaborc1973 a438 p.c21 cm. aI. Uso de métodos matemáticos en la economía - II. Comparación de costes y beneficios en una economía socialista - 1. Planteamiento del problema - 2. Medida de la efectividad relativa de los gastos de trabajo sin tener en cuenta los beneficios sociales totales - 3. Métodos existentes para comparar el coste primario y la inversión - 4. Métodos para hallar el efecto máximo de la inversión de capital en la economía socialista - 5. Principio del cálculo de gastos - 6. El problema del máximo crecimiento de la productividad laboral - 7. Problema de la medida de los resultados del trabajo en una economía socialista - III. Algunas observaciones sobre el análisis factor-producto - IV. Métodos matemáticos de planificación y organización de la producción - V. Métodos para establecer las más cortas distancias del movimiento de cargas en la implantación de sistemas de transporte - VI. Breve anotación bibliográfica sobre problemas de programación lineal y otros aspa1 aNemchinov, Vasily Sergeevich1 aNovozhilov, V.V.1 aLange, Oskar1 aKantarovich, L.V.1 aLur´e, A.L.